Arab-Israeli conflict (Record no. 360092)

MARC details
000 -LEADER
fixed length control field 00470 a2200193 4500
005 - DATE & TIME
control field 20250505150409.0
008 - FIXED-LENGTH DATA ELEMENTS--GENERAL INFORMATION
fixed length control field 250505b |||||||| |||| 00| 0 eng d
020 ## - ISBN
International Standard Book Number 9781032392363
Price £ 36.99
040 ## - CATALOGING SOURCE
Original cataloging agency VIVEKANANDA LIBRARY
082 ## - DDC NUMBER
Classification number 956.04
Book Number M278A
100 ## - MAIN ENTRY--PERSONAL NAME
Personal name Mahler, Gregory S
245 ## - TITLE STATEMENT
Title Arab-Israeli conflict
250 ## - EDITION STATEMENT
Edition statement 3rd
260 ## - PUBLICATION, DISTRIBUTION, ETC. (IMPRINT)
Name of publisher, distributor, etc Routledge
Date of publication, distribution, etc 2024
Place of publication, distribution, etc New York
300 ## - PHYSICAL DESCRIPTION
Pages xvi, 589
650 ## - Subject
Subject History
650 ## - Subject
Subject Arab-Israeli Conflict
942 ## - ADDED ENTRY ELEMENTS (KOHA)
Koha item type Books
Holdings
Withdrawn status Lost status Source of classification or shelving scheme Damaged status Not for loan Location (home branch) Sublocation or collection (holding branch) Shelving location Date acquired Koha issues (times borrowed) Koha full call number Accession No. Koha date last seen Koha item type
    Dewey Decimal Classification     VIVEKANANDA LIBRARY VIVEKANANDA LIBRARY Vivekananda Library 03/02/2025   956.04 M278A 442150 03/02/2025 Books
© Designed and Maintained by Vivekananda Library, MDU Rohtak